000 00660nam a2200181 i 4500
001 156841
003 ES-MaACL
005 20251110063231.0
008 040805s1856 fr |||| | fre d
040 _aCAM
_bspa
_cCAM
100 1 _aLacordaire, Henri-Dominique,
_d1802-1861
_9128564
245 1 0 _aFrédéric Ozanam /
_cpar Henri-Dominique Lacordaire.
260 _aParis :
_bJacques Lecoffre,
_c1856 (
_fImp. Simon Raçon et comp.)
300 _a80 p. ;
_c23 cm.
600 0 4 _aFederico Ozanam
_cBeato.
_988069
852 _aES-MaACL
_jT-185-F-3
_z-- Enc. hol.
_q-- Falto de la cub. original
_z-- Enc. en un vol. facticio
999 _c156841
_d156841